000 01857cam a22003614i 4500
003 PE-LiUPU
005 20250731183419.0
008 150625s r 000 0 d
035 _a(Sirsi) a35930
040 _aPE-LiUPU
_bspa
_cPE-LiUPU
_erda
082 0 4 _a709.46
_bC73
_221
110 2 _aComunidad de Madrid. Consejería de Educación y Cultura
_bDirección General de Patrimonio Cultural.
245 1 0 _aArte para después de una guerra /
_cConsejería de Educación y Cultura.
264 1 _aMadrid :
_bFundación Caja de Madrid,
_c1994.
300 _a269 páginas :
_bilustraciones, fotos ;
_c29 cm.
336 _atext
_2rdacontent
337 _aunmediated
_2rdamedia
338 _avolume
_2rdacarrier
505 0 _aArte para después de una guerra. -El ambiente cultural, político y artístico en el artístico de la posguerra. -¿Aislamiento internacional o vacío social?. -Recuperación y persistencia de la vanguardia. -Las exposiciones nacionales de Bellas Artes. -Eugenio d'Ors y el ambiente artístico de la posguerra. -¿Hubo un arte falangista?. -El museo de arte moderno de Madrid en la posguerra. -La pintura española en la década de los cuarenta.
526 _aP158
526 _aP146
526 _aP17
526 _aP12
526 _aP06
650 1 4 _aArte español
_vExposiciones
_ySiglo XX.
650 2 4 _aArte español
_xHistoria y crítica
_ySiglo XX.
910 _bhf
_csm
_d20050331
942 _2ddc
_cBOOK
949 _a709.46 C73
_wDEWEY
_c1
_i53860
_lCCODEBUL1
_mBUL
_p12.00
_r0
_sY
_tBOOK
_u2015-06-25
_xBIBLIOTECA
_zUNKNOWN
_0COMPRA
_o.STAFF. Colección General
596 _a1
999 _a709.46 C73
_wDEWEY
_c43948
_i53860
_f2021-11-9
_g7
_lCCODEBUL1
_mBUL
_p12.00
_r0
_sY
_tBOOK
_u2015-6-25
_xINGENIERIA
_zUNKNOWN
_0COMPRA
_o.STAFF. Colección General
_d43948
980 _81
_gALBERTO SANCHEZ Responsable de Automatización